000 01857nam a22002417a 4500
001 3858
003 FISKH
005 20240517154237.0
008 240517b cb ||||| |||| 00| 0 eng d
040 _aFISK
_beng
_cFISK
_dFISK
050 _aGV200.K73
082 _a796.522
100 _aKrakauer Jon
_d1954-
245 _aEiger dreams /
_cJon Krakauer
260 _aNew York :
_bAnchor Books,
_c1997
300 _a186 pages :
_c21 cm
505 _aM
520 _aNo one writes about mountaineering and its attendant hardships and victories more brilliantly than critically acclaimed author Jon Krakauer. In this collection of his finest work from such magazines as Outside and Smithsonian, he explores the subject from the unique and memorable perspective of one who has battled peaks like K2, Denali, Everest, and, of course, the Eiger. Always with a keen eye, an open heart, and a hunger for the ultimate experience, he gives us unerring portraits of the mountaineering experience. Yet Eiger Dreams is more about people than about rock and ice--people with that odd, sometimes maniacal obsession with mountain summits that sets them apart from other men and women. Here we meet Adrian the Romanian, determined to be the first of his countrymen to solo Denali; John Gill, climber not of great mountains but of house-sized boulders so difficult to surmount that even demanding alpine climbs seem easy; and many more compelling and colorful characters. In the most intimate piece, "The Devils Thumb," Krakauer recounts his own near-fatal, ultimately triumphant struggle with solo-madness as he scales Alaska's Devils Thumb. Eiger Dreams is stirring, vivid writing about one of the most compelling and dangerous of all human pursuits.
521 8 _aestimates,
_bLexile
700 _aJon Krakauer
942 _2ddc
_cBK
_n0
999 _c3858
_d3858